000 00743nam a22002537a 4500
003 OSt
005 20250702131548.0
008 201028b1976 sp ||||er|||| 00| pdspa d
020 _a8423910229
040 _aCO-JMCR
_cCO-JMCR
041 0 _aspa
082 0 4 _aA-P
_bVIRe
_223
100 1 _aVirgilio Marón, Publio,
_eautor
_912068
245 1 3 _aLa eneida /
_cPublio Virgilio Marón
250 _aDécima edición
260 _aMadrid :
_bEspasa-Calpe,
_c1976
300 _a242 páginas ;
_c18 cm.
490 0 _aColección Austral
_vN° 1022
500 _aIncluye datos biográficos del autor.
650 1 4 _aPoesía épica latina
_912069
650 1 4 _aLiteratura clásica
_912070
650 1 4 _aLiteratura griega
_912071
942 _2ddc
_cBK
999 _c6985
_d6985